| 000 | 00729nam a2200205 i 4500 | ||
|---|---|---|---|
| 001 | 161172 | ||
| 003 | ES-MaACL | ||
| 005 | 20230906212216.0 | ||
| 008 | 990609s1873 gw |||| | eng d | ||
| 040 |
_aCCPB | B _bspa _cCCPB | B |
||
| 100 | 0 |
_aOuida ( _d1839-1908) _9130750 |
|
| 245 | 1 | 0 |
_aHeld in bondage or Granville de Vigne _b: a tale of the day : in two volumes / _cby Ouida. |
| 260 |
_aLeipzig : _bBernhard Tauchnitz, _c1873. |
||
| 300 |
_a2 v. (327 ; 327 p.) ; _c17 cm. |
||
| 490 | 1 |
_aCollection of British Authors ; _v1348-1349 |
|
| 597 | _aAntep. | ||
| 830 | 0 |
_aCollection of British Authors ; _v1348-1349 _9180703 |
|
| 852 |
_aES-MaACL _jG-12031 _z-- Enc. hol., falto de la cub. original |
||
| 999 |
_c161172 _d161172 |
||